000 00729nam a2200169 a 4500
008 101215s2010 ||||||||||||||||| || u
020 _a9789211615302
050 _aUN-ESA(02)
110 _aUnited Nations Economic and Social Affairs (UNESA)
245 1 0 _aHandbook on population and housing census editing, revision 1
260 _aNew York
_bUnited Nations Economic and Social Affairs (UNESA)
_c2010
300 _axvi, 178p. ill.
350 _a0.00
650 _aHOUSING--HANDBOOKS, MANUALS, ETC
650 _aPOPULATION--HANDBOOKS, MANUALS, ETC
995 _D0.00
_FCBU-MAIN LIBRARY (Kitwe)
_H1
_I0.00
_M1
_UAVAILABLE
_WDec 28, 2010
_ZInternational Publications
999 _c45348
_d45348